• 首页
  • 本馆介绍
  • 公告通知
  • 最新文献
  • 馆藏检索
  • 电子资源
  • 读者导购
  • 参考咨询
  • 我的图书馆
  • 登录
  • 详细信息显示
  • 放入我的书架
  • 预约/预借图书
  • 作者相关作品
  • 分类相关作品
  • 丛书相关作品
  • 出版社相关作品

书目信息

  • 表格格式
  • 工作单格式
  • 卡片格式
题名:
全息光镊
    
 
作者: 李静 , 朱春丽 , 伍小平 著
分册:  
出版信息: 北京   科学出版社  2015.03
页数: 184页
开本: 24cm
丛书名:
单 册:
中图分类: O438.1
科图分类:
主题词: 全息光学
电子资源:
ISBN: 978-7-03-043544-6
000 00980nam0 2200265 450
001 1731
001 01CN11011802@CSLN
005 20161130163334.62
010    @a978-7-03-043544-6@dCNY88.00
100    @a20150325d2015 em y0chiy50 ea
101 0  @achi
102    @aCN@b110000
105    @aa z 000yy
200 1  @a全息光镊@9quan xi guang nie@f李静,朱春丽,伍小平著
210    @a北京@c科学出版社@d2015.03
215    @a184页@c图@d24cm
330    @a全书共分8章,内容主要包括全息光镊的产生和发展、不同尺度下光阱力的计算、全息光镊的种类、全息图的算法、空间光调制器和全息光镊实验系统、光阱刚度测量、全息光镊的应用
333    @a电磁理论、光电测试技术、材料科学、纳米制造、微机械微流体、生命科学等涉及全息光镊应用领域的研究生和科研人员
606 0  @a全息光学
690    @aO438.1@v4
701  0 @a李静@9li jing@4著
701  0 @a朱春丽@9zhu chun li@4著
701  0 @a伍小平@9wu xiao ping@4著
801  0 @aCN@b大连网信软件有限公司图书馆·11@c20161130
905    @aZUCC@dO438.1@e46
    
    全息光镊/李静,朱春丽,伍小平著.-北京:科学出版社,2015.03
    184页:图;24cm
    使用对象:电磁理论、光电测试技术、材料科学、纳米制造、微机械微流体、生命科学等涉及全息光镊应用领域的研究生和科研人员
    
    ISBN 978-7-03-043544-6:CNY88.00
    全书共分8章,内容主要包括全息光镊的产生和发展、不同尺度下光阱力的计算、全息光镊的种类、全息图的算法、空间光调制器和全息光镊实验系统、光阱刚度测量、全息光镊的应用
●
相关链接 在E读中查询图书 在五车中查询图书 在当当中查询图书 在豆瓣中查询图书


正题名:全息光镊     索取号:O438.1/46         预约/预借

序号 登录号 条形码 馆藏地/架位号 状态 备注
1 908342   209083427   第二样本阅览室/ [索取号:O438.1/46] 在馆    
2 908343   209083436   第三借阅区/ [索取号:O438.1/46] 在馆    
3 908344   209083445   第三借阅区/ [索取号:O438.1/46] 在馆    
4 908345   209083454   第三借阅区/ [索取号:O438.1/46] 在馆    
5 908346   209083463   第三借阅区/ [索取号:O438.1/46] 在馆    
唐山师范学院图书馆 欢迎您!
大连网信软件有限公司© 版权所有